Portland Timbers Players - Statistics

General Stats
  • This quiz has been taken 9 times
    3 since last reset
  • The average score is 104 of 183
Answer Stats
Answer Position(s) Nationality Matches Goals Assists Tenure % Correct
Adam Kwarasey GK Ghana 47 0 0 2015-16
100%
Alexander Aravena MF/FW Chile 1 0 0 2026-
100%
Alex Bonetig DF Australia 1 0 0 2026-
100%
Aljaž Ivačič GK Slovenia 56 0 0 2019-24
100%
Alvas Powell DF Jamaica 139 6 10 2013-18
100%
Andrés Flores MF/FW El Salvador 49 2 4 2018-20
100%
Andy Polo MF/FW Peru 75 3 4 2018-22
100%
Antony MF/FW Brazil 69 14 10 2023-
100%
Ariel Lassiter MF/FW Costa Rica 22 2 2 2025-
100%
Augustine Williams FW Sierra Leone 1 1 0 2017
100%
Brian Fernández FW Argentina 23 15 2 2019
100%
Claudio Bravo DF Argentina 125 3 6 2020-25
100%
Cole Bassett MF USA 1 0 1 2026-
100%
Cristhian Paredes MF Paraguay 213 14 13 2018-
100%
Dairon Asprilla MF/FW Colombia 235 39 22 2015-24
100%
Dario Župarić DF Croatia 174 2 5 2020-
100%
Darlington Nagbe MF USA 239 31 24 2011-17
100%
Darren Mattocks FW Jamaica 49 5 7 2016-17
100%
David Da Costa MF/FW Portugal 28 5 8 2025-
100%
David Guzmán MF Costa Rica 51 4 8 2017-19
100%
Diego Chará MF Colombia 473 13 26 2011-
100%
Diego Váleri MF/FW Argentina 309 100 78 2013-21
100%
Eddie Johnson MF/FW England 7 1 0 2011-12
100%
Eric Miller DF USA 66 1 1 2023-
100%
Eryk Williamson MF USA 112 6 15 2018-24
100%
Evander MF Brazil 61 26 22 2023-24
100%
Fanendo Adi FW Nigeria 144 60 14 2014-18
100%
Felipe Mora FW Chile 149 50 17 2020-
100%
Finn Surman DF New Zealand 30 0 0 2024-
100%
Gastón Fernández FW Argentina 59 10 5 2014-15
100%
Hányer Mosquera DF Colombia 27 0 0 2012-13
100%
Ian Smith DF USA 19 1 2 2025-
100%
Jack Barmby DF/MF/FW England 36 2 1 2016-18
100%
Jack Jewsbury DF/MF USA 179 16 13 2011-16
100%
Jake Gleeson GK New Zealand 67 0 0 2011-18
100%
James Pantemis GK Canada 31 0 0 2024-
100%
Jeff Attinella GK USA 63 0 0 2017-21
100%
Jeremy Ebobisse FW USA 109 30 11 2017-21
100%
Jimer Fory DF Colombia 25 0 2 2025-
100%
Joao Ortiz MF Ecuador 22 0 0 2025-
100%
Jonathan Rodríguez FW Uruguay 40 17 7 2024-
100%
Jorge Moreira DF Paraguay 32 3 2 2019-20
100%
Jorge Villafaña DF USA 126 4 17 2014-15, 2018-20
100%
José Caicedo MF Colombia 1 0 0 2026-
100%
Josecarlos van Rankin DF Netherlands 65 1 6 2021-22
100%
Juan Mosquera DF Colombia 100 4 12 2022-
100%
Julian Bravo DF USA 1 0 0 2022
100%
Julio Cascante DF Costa Rica 51 2 2 2018-20
100%
Kamal Miller DF Canada 50 0 0 2024-
100%
Kenny Cooper Jr. FW USA 34 8 1 2011
100%
Kevin Kelsy FW Venezuela 30 9 1 2025-
100%
Kris Boyd FW Scotland 27 7 1 2012
100%
Kristoffer Velde MF/FW Norway 1 0 0 2025-
100%
Larrys Mabiala DF DR Congo 179 12 3 2017-24
100%
Lawrence Olum DF/MF Kenya 61 2 0 2017-18
100%
Liam Ridgewell DF England 115 7 1 2014-19
100%
Lucas Melano FW Argentina 73 6 13 2015-19
100%
Marco Farfan DF USA 37 0 0 2017-20
100%
Marvin Loría MF/FW Costa Rica 128 8 8 2019-24
100%
Maxime Crépeau GK Canada 40 0 0 2024-
100%
Maximiliano Urruti FW Argentina 78 20 6 2013-15
100%
Nat Borchers DF USA 61 5 1 2015-16
100%
Ned Grabavoy MF USA 28 0 0 2016
100%
Omir Fernandez MF/FW USA 20 1 0 2025-
100%
Roy Miller DF Costa Rica 27 1 1 2017-18
100%
Ryan Johnson FW Jamaica 35 10 4 2013
100%
Ryan Miller DF USA 11 0 0 2013
100%
Samuel Armenteros FW Sweden 30 8 1 2018
100%
Santiago Moreno MF/FW Colombia 146 22 31 2021-25
100%
Sawyer Jura DF USA 2 0 0 2024
100%
Sebastián Blanco MF/FW Argentina 203 51 46 2017-23
100%
Steve Clark GK USA 92 0 0 2018-21
100%
Steven Smith DF Scotland 23 0 2 2012
100%
Vytautas Andriuškevičius DF Lithuania 45 2 6 2016-18
100%
Will Johnson MF Canada 79 18 9 2013-15
100%
Yimmi Chará MF/FW Colombia 116 18 15 2020-23
100%
Zac McGraw DF Canada 88 5 1 2020-
100%
Zarek Valentin DF Puerto Rico 107 1 5 2016-19
100%
Adin Brown GK USA 2 0 0 2011
50%
Adolfo Enriquez MF USA 1 0 0 2024-
50%
Andrew Jean-Baptiste DF Haiti 35 2 1 2012-13
50%
Ben Zemanski MF USA 73 2 3 2013-17
50%
Bill Tuiloma DF/MF New Zealand 120 10 4 2017-20
50%
Brandon Bye DF USA 1 0 0 2026-
50%
Bright Dike FW Nigeria 23 6 0 2011-13
50%
Claude Dielna DF France 19 0 0 2019
50%
David Ayala MF Argentina 87 4 2 2022-
50%
David Bingham GK USA 24 0 0 2022-23
50%
David Horst DF USA 40 1 1 2011-13
50%
Donovan Ricketts GK Jamaica 80 0 0 2012-14
50%
Eric Alexander MF USA 31 0 4 2011-12
50%
Eric Brunner DF USA 45 4 1 2011-12
50%
Eric Izoita MF USA 1 1 0 2026-
50%
Felipe Carballo MF Uruguay 1 0 0 2025-
50%
Franck Boli FW Ivory Coast 31 7 1 2023
50%
Franck Songo'o MF/FW Cameroon 27 1 4 2012
50%
Futty Danso DF Gambia 66 6 0 2011-14
50%
Gage Guerra FW USA 9 1 1 2025-
50%
George Fochive MF USA 42 2 0 2014-15
50%
Hunter Sulte GK USA 3 0 0 2021-
50%
Jack McInerney FW USA 30 8 1 2016
50%
James Marcelin DF/MF Haiti 23 0 0 2011-12
50%
Jarosław Niezgoda FW Poland 94 23 8 2020-23
50%
Jermaine Taylor DF Jamaica 26 0 2 2016
50%
Jorge Perlaza FW Colombia 42 6 3 2011-12
50%
José Valencia FW Colombia 26 1 3 2012-14
50%
Justin Rasmussen DF/MF USA 19 1 0 2022-23
50%
Kalif Alhassan MF Ghana 104 6 16 2011-14
50%
Logan Ketterer GK USA 3 0 0 2021
50%
Lovel Palmer DF/MF Jamaica 34 0 1 2011-12
50%
Matías Rojas MF/FW Paraguay 1 0 0 2025-
50%
Michael Harrington DF USA 68 0 5 2013-14
50%
Miguel Araujo DF Peru 29 0 2 2023-25
50%
Mike Chabala DF USA 25 1 2 2011-12
50%
Nathan Fogaça FW Brazil 46 4 3 2022-24
50%
Noah Santos FW USA 1 0 0 2025-
50%
Noel Caliskan MF Germany 6 0 3 2023
50%
Norberto Paparatto DF Argentina 26 2 1 2014-15
50%
Pablo Bonilla DF Venezuela 45 0 3 2020-23
50%
Pa-Modou Kah DF Norway 47 1 0 2013-14
50%
Rennico Clarke DF Jamaica 1 0 1 2017
50%
Renzo Zambrano MF Venezuela 32 0 0 2019-21
50%
Rodney Wallace MF/FW Costa Rica 138 19 20 2011-15
50%
Ryan Pore MF/FW USA 8 0 0 2011
50%
Sal Zizzo DF/MF/FW USA 62 2 5 2011-13
50%
Steven Taylor DF England 12 1 0 2016
50%
Steve Purdy-Ramos DF El Salvador 11 0 0 2011-12
50%
Tomás Conechny MF/FW Argentina 31 1 2 2018-21
50%
Troy Perkins GK USA 52 0 0 2011-12
50%
Adam Moffat MF Scotland 4 0 0 2011
0%
Amobi Okugo DF/MF USA 17 0 0 2016-17
0%
Andre Lewis MF Jamaica 1 0 0 2017
0%
Andrew Weber GK USA 6 0 0 2014-15
0%
Blake Bodily MF USA 17 0 0 2020-22
0%
Brad Ring MF USA 1 0 0 2013
0%
Brent Richards DF/MF/FW USA 7 0 0 2012-13
0%
Brian Umony FW Uganda 6 0 1 2011
0%
Bryan Acosta MF Honduras 7 0 1 2023
0%
Chance Myers DF USA 1 0 0 2017
0%
Chris Duvall DF USA 13 0 0 2020
0%
Chris Klute DF USA 8 0 0 2016
0%
Daniel Núñez MF Mexico 3 0 0 2025-
0%
Danny Mwanga FW DR Congo 18 3 0 2012
0%
Danny O'Rourke DF USA 16 0 1 2014
0%
Darixon Vuelto FW Honduras 1 0 0 2018
0%
Diego Gutiérrez FW USA 12 0 1 2022-23
0%
Foster Langsdorf FW USA 3 0 0 2018-19
0%
Freddie Braun MF USA 4 0 0 2011-12
0%
Frédéric Puquionne FW Martinique 29 7 5 2013-14
0%
Gbenga Arokoyo DF Nigeria 1 0 0 2016-17
0%
Harold Hanson DF USA 2 0 0 2017
0%
Ishmael Yartey MF/FW Ghana 5 0 1 2015
0%
Ismaila Jome DF Gambia 3 0 0 2021
0%
Jeanderson DF Brazil 3 0 0 2015
0%
Jeremy Hall DF/MF Puerto Rico 17 0 2 2011
0%
Joe Bendik GK USA 5 0 0 2012
0%
Kendall McIntosh GK USA 1 0 0 2017-19
0%
Kevin Goldthwaite DF USA 4 0 0 2011
0%
Kosuke Kimura DF Japan 17 1 0 2012
0%
Kyle Linhares FW USA 1 0 0 2025-
0%
Lamar Batista DF USA 1 0 0 2017-18
0%
Mason Toye FW USA 8 1 0 2024
0%
Michale Nanchoff MF/FW USA 13 2 2 2013-15
0%
Mikaël Silvestre DF France 8 0 0 2013-14
0%
Miloš Kocić GK Serbia 4 0 0 2013
0%
Modou Jadama DF USA 3 0 0 2018-19
0%
Muke Fucito MF/FW USA 12 0 0 2012
0%
Neco Brett FW Jamaica 2 0 0 2016
0%
Omar Mohamed MF Somalia 1 0 0 2017
0%
Peter Lowry MF USA 3 0 0 2011
0%
Rauwshan McKenzie DF USA 14 1 0 2013-14
0%
Russell Cicerone MF/FW USA 1 0 0 2017
0%
Ryan Kawulok DF USA 1 0 0 2012
0%
Sebastián Rincón MF/FW Colombia 1 0 0 2012-13
0%
Steven Evans MF USA 1 0 0 2013-14
0%
Steve Zakuani MF/FW DR Congo 19 1 4 2014
0%
Taylor Peay DF USA 13 0 0 2014-16
0%
Tega Ikoba FW USA 9 1 0 2022-24
0%
Tyler Clegg DF USA 2 0 0 2023-24
0%
Victor Arboleda MF/FW Colombia 8 0 0 2017-18
0%
Víctor Griffith MF Panama 4 0 0 2023
0%
Villyan Bijev MF/FW Bulgaria 1 0 0 2016-17
0%
Wade Hamilton GK USA 1 0 0 2016
0%
No matching quizzes found
Score Distribution
Percent of People with Each Score
Percentile by Number Answered
Your Score History
You have not taken this quiz since the last reset